AK’s General Knowledge A-Z #95 - Statistics

General Stats
  • This quiz has been taken 226 times
  • The average score is 12 of 26
Answer Stats
Hint Answer % Correct
W – The Wolf of ____ ______, 2013 movie with Leonardo diCaprio Wall Street
88%
D – (pieces of) information, especially in a scientific or computational context Data
87%
K – palindrome that you can move with a double-bladed paddle Kayak
84%
V – short for a type of doctor, or what FBI does to all nominees to the Federal bench Vet
71%
A – precedes strong, follows strong Arm
68%
E – character in Stranger Things with psychokinetic abilities, or “onze” Eleven
68%
G – your _____ is as good as mine Guess
68%
Y – Russian president who defied communist hardliners from atop a tank to thwart their coup Boris Yeltsin
64%
C – globally, the second-largest island of France Corsica
64%
I – beach location in Rio mentioned in the bossa nova jazz song, “The Girl from _______” Ipanema
60%
M – country where the largest cities include Seberang Perai and Johor Bahru Malaysia
60%
B – Green ____, 2018 movie where a working-class bouncer becomes the driver of a classical pianist on a tour through the 1960s American South Book
55%
N – where football (soccer) legend George Best was from Northern Ireland
52%
T – 70s sitcom The Mary _____ Moore Show Tyler
52%
Q – a fast foxtrot noted for its complex and intricate footwork Quickstep
44%
J – the Rolling Stones’ hit “Rip This _____”, or J in .JPG Joint
38%
R – capital city of the U.S. state that was named after Elizabeth I (or perhaps the land, and not the queen, was untouched) Richmond
36%
U – first name of The Name of the Rose author Eco, or a king Umberto
35%
O – Leia’s surname in Star Wars Organa
25%
L – Carl who formalised the modern system of naming organisms Linnaeus
23%
F – the largest city on the island of Kyushu Fukuoka
21%
P – the closest star to Sun that has an exoplanet Proxima Centauri
20%
Z – car-free ski resort town in Switzerland where you can see Matterhorn Zermatt
20%
H – the first non-president in series 1W-2J-5L-10H-20J-50G-100F Alexander Hamilton
18%
X – cross between a xylophone and a marimba Xylorimba
10%
S – in Euchre, if you _____ the dealer, the dealer is forced to call trump Stick
2%
No matching quizzes found
Score Distribution
Percent of People with Each Score
Percentile by Number Answered
Your Score History
You have not taken this quiz